Protestantismo y sociedad en América Central /

Sistematiza el comportamiento del protestantismo ante la crisis centroamericana y señala cómo esta crisis ha ayudado a la configuración del ser mismo de las Iglesias evangélicas del área. Se hace una lectura crítica del protestantismo que se expresa desde sus propias dirigencias, cuestiona también l...

Cijeli opis

Spremljeno u:
Bibliografski detalji
Glavni autor: Piedra Solano, Arturo
Format: Tekst
Jezik:Spanish
Teme:
Oznake: Dodaj oznaku
Bez oznaka, Budi prvi tko označuje ovaj zapis!

MARC

LEADER 00000 a a2200000 04500
001 4102
003 cru CIDCACS/IIS
005 20230713083340.0
008 230713b |||||||| |||| 00| 0 spa d
040 |c cru CIDCACS/IIS 
100 |a Piedra Solano, Arturo  
245 |a Protestantismo y sociedad en América Central /  |c Arturo Piedra Solano 
500 |a Colección Centroamérica 
520 |a Sistematiza el comportamiento del protestantismo ante la crisis centroamericana y señala cómo esta crisis ha ayudado a la configuración del ser mismo de las Iglesias evangélicas del área. Se hace una lectura crítica del protestantismo que se expresa desde sus propias dirigencias, cuestiona también la imagen del protestantismo que han pregonado algunos investigadores, que sólo ven en él un instrumento del imperialismo centroamericano. AR/MR  
650 |a PROTESTANTISMO  
650 |a IGLESIAS PROTESTANTES  
650 |a SOCIEDAD  
650 |a CRISIS ESTRUCTURAL  
773 |g volumen 28, número 103; páginas 87-106  
773 0 |0 43196  |9 5095  |a Acción Social Ecuménica Latinoamericana  |d México D.F: Acción Social Ecuménica Latinoamericana  |o 22935  |t Cristianimo y Sociedad / 
942 |2 ddc  |c PP 
999 |c 30107  |d 30107